[Event "Budha Bhandari Memorial"]
[Site "Budhanilkantha"]
[Date "2019.11.13"]
[Round "7"]
[White "Dangi, Mani Raj"]
[Black "Ahmed, Feroz"]
[Result "0-1"]
[WhiteElo "1619"]
[BlackElo "1976"]
[PlyCount "74"]
[EventDate "2019.11.09"]
[EventType "swiss"]
[EventRounds "9"]
[EventCountry "NEP"]
[SourceTitle "CBM 193 Extra"]
[Source "ChessBase"]
[SourceDate "2020.01.31"]
[SourceVersion "1"]
[SourceVersionDate "2020.01.31"]
[SourceQuality "1"]

1. e4 d6 2. d3 e5 3. Be2 c6 4. Bg4 Nd7 5. Ne2 g6 6. 0-0 Bg7 7. Kh1 Ngf6 8. Bh3 Nc5 9. Bxc8 Rxc8 10. f4 exf4 11. Nxf4 0-0 12. c3 Qe7 13. Na3 Rcd8 14. Qf3 d5 15. exd5 Nxd5 16. d4 Ne4 17. Nc4 b5 18. Nxd5 cxd5 19. Ne5 Rd6 20. Ng4 f5 21. Nf2 Rdf6 22. Bf4 g5 23. Be5 Rh6 24. Nd3 Kh8 25. Rad1 Bxe5 26. Nxe5 Kg7 27. Kg1 g4 28. Qf4 g3 29. hxg3 Rh5 30. Rde1 Rf6 31. Nf3 Rg6 32. Nh4 Rgg5 33. Re3 h6 34. Qb8 Kh7 35. Qxb5 Rxg3 36. Rxg3 Nxg3 37. Nxf5 Ne2+ 0-1

[Event "Budha Bhandari Memorial"]
[Site "Budhanilkantha"]
[Date "2019.11.12"]
[Round "5"]
[White "Timalsina, Binod"]
[Black "Dangi, Mani Raj"]
[Result "0-1"]
[WhiteElo "1278"]
[BlackElo "1619"]
[PlyCount "42"]
[EventDate "2019.11.09"]
[EventType "swiss"]
[EventRounds "9"]
[EventCountry "NEP"]
[SourceTitle "CBM 193 Extra"]
[Source "ChessBase"]
[SourceDate "2020.01.31"]
[SourceVersion "1"]
[SourceVersionDate "2020.01.31"]
[SourceQuality "1"]

1. e4 c5 2. Nf3 d6 3. c3 Nf6 4. d3 g6 5. h3 Bg7 6. Bf4 0-0 7. Be2 Nc6 8. Nbd2 Bd7 9. d4 cxd4 10. cxd4 Qb6 11. Nc4 Qc7 12. e5 Ne4 13. 0-0 d5 14. Ne3 e6 15. Rc1 Qb6 16. Rb1 Rac8 17. Nc2 h6 18. Nh2 Ne7 19. Be3 Bb5 20. Bxb5 Qxb5 21. f3 Ng5 0-1

[Event "Asian Amateur-ch"]
[Site "Zhengzhou"]
[Date "2019.01.04"]
[Round "8"]
[White "Huang, Yishi"]
[Black "Dangi, Mani Raj"]
[Result "1/2-1/2"]
[WhiteElo "1477"]
[BlackElo "1798"]
[PlyCount "85"]
[EventDate "2018.12.31"]
[EventType "swiss"]
[EventRounds "9"]
[EventCountry "CHN"]
[SourceTitle "CBM 188 Extra"]
[Source "ChessBase"]
[SourceDate "2019.02.26"]
[SourceVersion "1"]
[SourceVersionDate "2019.02.26"]
[SourceQuality "1"]

1. d4 d5 2. c4 c6 3. cxd5 cxd5 4. Bf4 Nc6 5. e3 Nf6 6. Nc3 e6 7. Bd3 Bd6 8. Bxd6 Qxd6 9. f4 Bd7 10. Nf3 a6 11. 0-0 Rc8 12. Ne5 Ne7 13. Qf3 h5 14. Qg3 g6 15. Qh4 Nh7 16. a3 Nf5 17. Qf2 Nf6 18. Rac1 Bc6 19. Nb1 Ne4 20. Bxe4 dxe4 21. Nd2 0-0 22. Nxc6 Rxc6 23. Nxe4 Qc7 24. Rxc6 Qxc6 25. Nc3 Qc4 26. Ne4 Qd3 27. Nc5 Qxe3 28. Qxe3 Nxe3 29. Re1 Nd5 30. g3 Ra8 31. Nxb7 Rb8 32. Nc5 Rxb2 33. Nxa6 Ra2 34. Nb4 Nxb4 35. axb4 Rb2 36. d5 exd5 37. Rd1 Rxb4 38. Rxd5 Rb2 39. f5 Kg7 40. fxg6 fxg6 41. h4 Kf6 42. Kf1 Ke6 43. Rg5 1/2-1/2

[Event "Asian Amateur-ch"]
[Site "Zhengzhou"]
[Date "2019.01.01"]
[Round "3"]
[White "Dangi, Mani Raj"]
[Black "Li, Siyao"]
[Result "1/2-1/2"]
[WhiteElo "1798"]
[BlackElo "1389"]
[PlyCount "112"]
[EventDate "2018.12.31"]
[EventType "swiss"]
[EventRounds "9"]
[EventCountry "CHN"]
[SourceTitle "CBM 188 Extra"]
[Source "ChessBase"]
[SourceDate "2019.02.26"]
[SourceVersion "1"]
[SourceVersionDate "2019.02.26"]
[SourceQuality "1"]

1. e4 e5 2. Nf3 Nc6 3. Bb5 a6 4. Ba4 Nf6 5. 0-0 Be7 6. Re1 b5 7. Bb3 d6 8. a4 Bb7 9. c3 0-0 10. d4 Ne8 11. Be3 Bf6 12. Nbd2 Nb8 13. Qc2 Nd7 14. Nf1 g6 15. h3 Bg7 16. N1h2 c5 17. Rad1 c4 18. Ba2 Qc7 19. Bg5 Nb6 20. axb5 axb5 21. Bb1 f6 22. Bc1 Qe7 23. Nd2 Nc7 24. b3 Ne6 25. bxc4 bxc4 26. Ndf1 Nc7 27. f4 Bc6 28. Qf2 Na4 29. Qg3 Rfb8 30. Ba3 Nb2 31. Bxb2 Rxb2 32. Ne3 Bb5 33. Nf3 Rb3 34. Rc1 Rba3 35. Nd2 Bh6 36. fxe5 Bxe3+ 37. Qxe3 fxe5 38. Bc2 Ne6 39. dxe5 dxe5 40. Nf3 Nc5 41. Rb1 Ba4 42. Bxa4 Nxa4 43. Rec1 Rd8 44. Rb5 Rd3 45. Qh6 Nxc3 46. Rxe5 Qf7 47. Ng5 Ne2+ 48. Kh1 Ng3+ 49. Kh2 Qd7 50. Rxc4 Ra8 51. Ne6 Nf1+ 52. Kh1 Ng3+ 53. Kh2 Nf1+ 54. Kg1 Rd1 55. Rc7 Ne3+ 56. Kh2 Nf1+ 1/2-1/2